History of Vedic Mythology/ (Record no. 208958)

MARC details
000 -LEADER
fixed length control field 00741nam a22002177a 4500
005 - DATE AND TIME OF LATEST TRANSACTION
control field 20250207142838.0
010 ## - LCCN (DPL NO)
LC control number ENG-142890
020 ## - INTERNATIONAL STANDARD BOOK NUMBER
International Standard Book Number 8174531033
Terms of availability 1295.00
035 ## - SYSTEM CONTROL NUMBER
System control number EN-127241
035 ## - SYSTEM CONTROL NUMBER
System control number EN-127241
037 ## - SOURCE OF ACQUISITION
Source of stock number/acquisition DBAD
082 ## - DEWEY DECIMAL CLASSIFICATION NUMBER
Classification number 230.1
100 ## - MAIN ENTRY--PERSONAL NAME
Personal name A.MacDonell
245 ## - TITLE STATEMENT
Title History of Vedic Mythology/
Statement of responsibility, etc By A.MacDonell
Medium English
260 ## - PUBLICATION, DISTRIBUTION, ETC. (IMPRINT)
Place of publication, distribution, etc New Delhi
Name of publisher, distributor, etc Som Nath Dhall Sanjay Prakashan
Date of publication, distribution, etc 2022
270 ## - ADDRESS
Address 4378/4B,209,J.M.D.House, Murari Lal Street, Ansari Road,
City New Delhi
Postal code 110002
Electronic mail address rrthakur@hotmail.com
Telephone number 232458089(O)
-- 22942462 (R)
300 ## - PHYSICAL DESCRIPTION
Extent vii,270p.
Other physical details Conclusion, Reference
Dimensions 23cm(pbk)
700 ## - ADDED ENTRY--PERSONAL NAME
Personal name Raman Rakesh
Relator term Author
9 (RLIN) 77415
700 ## - ADDED ENTRY--PERSONAL NAME
9 (RLIN) 77416
942 ## - ADDED ENTRY ELEMENTS (KOHA)
Source of classification or shelving scheme Dewey Decimal Classification
Item type English Books
Classification part 230.1
Call number suffix Don
Holdings
Withdrawn status Lost status Not for loan Collection code Home library Current library Date acquired Source of acquisition Cost, normal purchase price Full call number Barcode Copy number Cost, replacement price Koha item type
      Non-fiction Central Library Central Library 07/02/2025 DBAD 1295.00 230.1 DON EN-127241 1 1295.00 English Books

© Delhi Public Library
Hit Counter
free hit counter